Says tuka: (Record no. 182190)

MARC details
000 -LEADER
fixed length control field 00599nam a22001937a 4500
005 - DATE AND TIME OF LATEST TRANSACTION
control field 20220216112544.0
010 ## - LCCN (DPL NO)
LC control number ENG-130087
020 ## - INTERNATIONAL STANDARD BOOK NUMBER
International Standard Book Number 978-93-82749-10-3
Terms of availability 400.00
035 ## - SYSTEM CONTROL NUMBER
System control number EN-113619
037 ## - SOURCE OF ACQUISITION
Source of stock number/acquisition DBAD/PUB
082 ## - DEWEY DECIMAL CLASSIFICATION NUMBER
Classification number 881
100 ## - MAIN ENTRY--PERSONAL NAME
Personal name Chitre, Dilip
245 ## - TITLE STATEMENT
Title Says tuka:
Remainder of title selected poems of tukaram/
Statement of responsibility, etc by dilip chitre
250 ## - EDITION STATEMENT
Edition statement 2003
260 ## - PUBLICATION, DISTRIBUTION, ETC. (IMPRINT)
Name of publisher, distributor, etc Poetrywala
Date of publication, distribution, etc 2003
Place of publication, distribution, etc Delhi
270 ## - ADDRESS
Address 1701/1702,6A Whispering palms Lokhandwala Township , kandivalii
City Mumbai
Postal code 400 101
Electronic mail address poetrywala@hotmail.com
300 ## - PHYSICAL DESCRIPTION
Extent 241p.
Dimensions 22cm (pbk)
942 ## - ADDED ENTRY ELEMENTS (KOHA)
Source of classification or shelving scheme Dewey Decimal Classification
Item type English Books
Classification part 881
Call number suffix CHI
Holdings
Withdrawn status Lost status Not for loan Collection code Home library Current library Date acquired Source of acquisition Cost, normal purchase price Full call number Barcode Copy number Cost, replacement price Koha item type
      Non-fiction Ashok Vihar Ashok Vihar 27/10/2021 DBAD/PUB 400.00 881 CHI EN-113619 1 400.00 English Books

© Delhi Public Library
Hit Counter
free hit counter